000 01422cam a22003615i 4500
999 _c510903
_d510904
001 20087083
005 20190904061209.0
008 160530t20162016ii af b 010 0 eng c
010 _a 2017326035
020 _a9789382823421 (hardback)
020 _a9382823425 (hardback)
025 _aI-E-2017326035; 72-13
035 _a(OCoLC)ocn950889979
035 _a(OCoLC)950889979
037 _bLibrary of Congress -- New Delhi Overseas Office
040 _aDKAGE
_beng
_erda
_cDKAGE
_dOCLCO
_dOCLCF
_dOCLCQ
_dYLS
_dOCLCA
_dOCL
_dDLC
042 _alccopycat
_alcode
043 _aa-ii---
050 4 _aKNS1760
_b.C66 2016
082 0 4 _a342.54029
_223
245 0 0 _aConstitutional government in India :
_bessays in honour of Shri T.N. Chaturvedi /
_c[edited] by Dr. Lokendra Malik, Dr. Kusum Lata, Dr. Avneet Kaur.
300 _axiv, 260 pages, 7 pages of plates :
_billustrations (black and white) ;
_c25 cm
504 _aIncludes bibliographical references.
650 0 _aConstitutional law
_zIndia.
_99610
651 0 _aIndia
_xPolitics and government
_y1947-
_99612
655 7 _aFestschriften.
_2lcgft
_99616
700 1 _aChaturvedi, T. N.
_q(Triloki Nath),
_d1928-
_ehonouree.
_99619
700 1 _aMalik, Lokendra,
_eeditor.
_99622
700 1 _aLata, Kusum,
_eeditor.
_99625
700 1 _aKaur, Avneet,
_eeditor.
_99629
906 _a7
_bpar
_ccopycat
_d3
_encip
_f20
_gy-gencatlg